00790nam a2200181 a 450000100100000000500170001000800410002704000250006808200160009310000300010924500820013926000370022130000200025850001020027871000970038095201140047799900170059100002923820250116073944.0110414s1978 dr 000 0 spa d aDO-SdBNPbspacBNPHU axxxxbR788d1 aRosa, Victor de la95613610aDerecho usual :bpara uso de la educación intermedia. /cVictor de la Rosa. aSanto Domingo :bSaturno,c1978. a39 p. ;c22 cm. aManual para estudiante preparado de acuerdo a los programas vigentes en la República Dominicana1 aRepública Dominicana.bSecretaría de Estado de Educación, Bellas Artes y Cultos923965 0010718PDaPDbPDcCTd2011-04-14iLF1l0oxxxx R788dp29238-10r2020-06-25w2020-06-25yLFPDZNo se presta c28730d28730